00609nam a2200205 a 450000100060000000300080000600500170001400800410003102000210007203500190009304000320011204100080014408200220015210000210017424500530019526000500024830000320029850400520033065000210038271217BD-RjUL20211209082105.0170429s1970 nyua b 001 0 eng d a039101150 (pbk.) a(BD-RjUL)71432 aDLCcDLCdVNNdBD-RjULbeng aeng a152223bMIP 19701 aMilner, Peter M.00aPhysiological psychology /c[by] Peter M. Milner aLondon :bHolt, Rinehart and Winston,cc1970. ax, 531 p. :bill. ;c26 cm. aIncludes bibliographical references and indexes 0aPsychophysiology